| 000 | 00624nam a2200205 a 4500 | ||
|---|---|---|---|
| 005 | 20240809063820.0 | ||
| 008 | 991125s1989 es 000 0 spa u | ||
| 020 | _a8432984280 | ||
| 035 | _aUPN01000036896 | ||
| 049 | _aCG | ||
| 050 | 4 |
_aTT174.7 _bB3.7 |
|
| 100 | 1 |
_aBatek, Oskar _942243 |
|
| 245 | 1 | 0 |
_aMarionetas de palo / _cpor Oskar Batek. |
| 260 |
_aBarcelona, Esp. : _bCEAC, _c1989. |
||
| 300 |
_a61 p. : _bil. (algunas col.). |
||
| 534 |
_pTraducción de: _tEinfache stabpuppen |
||
| 650 | 4 |
_aTITERES Y TEATRO DE TITERES - _xCONSTRUCCION _927093 |
|
| 650 | 4 |
_aTrabajos manuales _vManuales _927061 |
|
| 905 | _aInfantil | ||
| 999 |
_c36896 _d36896 |
||